01801nam a2200397Ia 450000500170000000800390001702000180005608200130007410000260008724501290011325000220024226400260026430000500029033600270034033700330036733800280040049000360042850000210046450000220048550400270050750501700053453400450070465000380074965000300078765000510081765000500086865000550091865000520097370000290102570000290105494200120108304000350109599900150113095201300114595201280127520220317001507.0161108s2014 sp b g 000 0 spa a978842069329304a940bB721 aCarpentier, Jean, dir10aBreve historia de EuropacJean Carpentier y Francois Lebrun (dirs.) ; en colaboración con J.P. Arrignon... [y otros cinco] aTercera edición 1aMadridbAlianzac2014 a758 páginasbmapas en blanco y negroc18 cm atextobtxt2rdacontent asin mediaciónbn2rdamedia avolumenbnc2rdacarrier aEl libro de bolsillo : historia aIncluye glosario aIncluye índices aIncluye bibliografía aEmergencia de Europa -- La Europa de la Cristiandad, Siglos V-XV -- La Europa conquistadora, siglos XVI-XVIII -- La Europa dominante, 1789-1914 -- Europa cuestionada tTítulo original: Histoire de l´Europe142LEMBaEuropaxHistoriayHasta 199142LEMBaEuropaxGeografía142LEMBaEuropaxcondiciones socialesyHasta 1991142LEMBaEuropaxAspectos culturalesyHasta 1991142LEMBaEuropaxCondiciones económicasyHasta 1991142LEMBaEuropaxPolítica y gobiernoyHasta 19911 a Carpentier, Jean9173901 aLebrun, Francois9100315 2ddccBK aCO-BoRNBPbspaerdacCO-BoRNBP c7151d7151 00102ddc40708GENaMECASARIbMECASARIcGENd2024-11-09l0o940 B72pBM0001760r2024-11-09 15:51:55tEj.1w2024-11-09yBK 00102lcc40708GENaMEPCONCObMEPCONCOcGENd2026-03-09l0o940 B72pPCON02558r2026-03-09 14:45:28tEj.1w2026-03-09yBK